| 000 | 01018nam a22003135i 4500 | ||
|---|---|---|---|
| 999 |
_c526998 _d526998 |
||
| 001 | 18219889 | ||
| 003 | NUST | ||
| 005 | 20190718070839.0 | ||
| 008 | 140710s2014 nyu 000 0 eng | ||
| 010 | _a 2014945568 | ||
| 020 | _a9783662444900 (soft cover : alk. paper) | ||
| 020 | _a3662444909 (soft cover : alk. paper) | ||
| 038 | _aArshad | ||
| 040 |
_aDLC _beng _erda _cDLC |
||
| 042 | _apcc | ||
| 082 |
_a004.22 _bMIS |
||
| 245 | 0 | 0 |
_aAdvanced computer architecture : _b10th Annual Conference, ACA 2014, Shenyang, China, August 23-24, 2014. Proceedings / _c[edited by] Junjie Wu, Haibo Chen, Xingwei Wang. |
| 250 | _a1st edition. | ||
| 263 | _a1409 | ||
| 264 | 1 |
_aNew York : _bSpringer, _c2014. |
|
| 300 | _apages cm | ||
| 336 |
_atext _2rdacontent |
||
| 337 |
_aunmediated _2rdamedia |
||
| 338 |
_avolume _2rdacarrier |
||
| 490 | 0 |
_aCommunications in computer and information science ; _v451 |
|
| 906 |
_a0 _bibc _corignew _d2 _eepcn _f20 _gy-gencatlg |
||
| 942 |
_2ddc _cBK |
||